1154 1781 1249 1135 1454 1782 1947 1969 1281 1789 1813 1502 1299 1827 1195 1347 1026 1906 1771 1365 1560 1888 1969 1330 1980 1271 1575 1151 1306 1040 1139 1852 1516 1442 1798 1511 1955 1866 1255 1173 1314 1027 1217 1764 1156 1024 1192 1462 1633 1995 1712 1789 1904 1589 1850 1394 1207 1053 1599 1947 1621 1051 1846 1521 1418 1909 1020 1795 1351 1084 1147 1364 1900 1778 1234 1254 1695 1669 1820 1019 1706 1366 1625 1652 1546 1177 1213 1046 1959 1612 1549 1048 1172 1785 1908 1229 1732 1340 1758 BCNSPRNW ULIB Ver.6.0+V

เปลี่ยนเป็นภาษาไทย

Change to English
 แสดงรายละเอียดบรรณานุกรม
  กลับหน้าหลัก

Brief Record : Get Marc (ISO 2709) : E-mail record : QR code < ปิดหน้าต่าง
LEADER : 00000nam 2200000uu 4500
001    13399123129
003     ULIB
008    140325s2550||||th 000 0 tha d
020    9789748102146
099    นว.^bอ336ท
100 0  อรพิม
245 00 ทางแสงดาว^cอรพิม
260    กรุงเทพฯ:^bพิมพ์คำ,^c2550
300    408 หน้า
945    ^p240^l0^i022023
999    ^aเกษร โพธิ์สุวรรณ
รายการนี้ยังไม่มีแท็ก
คุณยังไม่ได้ล็อกอิน คุณสามารถมีกิจกรรมร่วมกับเว็บไซต์ได้ แต่ต้องล็อกอินก่อน ::
  ล็อกอิน

รายการสื่อสารสนเทศ

ลำดับที่ ประเภท เลขเรียก/บาร์โค้ด สถานที่ สถานะ
1. นวนิยาย
นวนิยาย
นว. อ336ท  
  Barcode: 022023
ห้องสมุดวิทยาเขตสวรรค์ประชารักษ์
►นวนิยาย
บนชั้น
  ขอยืม

รายการใกล้เคียง
    ผู้แต่ง [อรพิม]

BibComment


ยังไม่เคยถูกคอมเมนท์

คอมเมนท์ทรัพยากรรายการนี้
  คอมเมนท์: ทางแสงดาว อรพิม


 Copyright 2026. Bcnsprnw @Library